| 000 | 01375cam a2200337 a 4500 | ||
|---|---|---|---|
| 001 | 156295 | ||
| 005 | 20170105102938.0 | ||
| 008 | 980310s1996 at ab b 000 0 eng d | ||
| 010 | _a 98124426 | ||
| 020 | _a0731524462 | ||
| 035 | _a(OCoLC)35621171 | ||
| 040 |
_aAAU _cAAU _dCUS _dAUT _dDLC |
||
| 043 | _ai------ | ||
| 050 | 0 | 0 |
_aUA830 _b.G66 1996 |
| 082 | 0 | 0 |
_a355.03301824 _221 _bGOR 1996 |
| 100 | 1 | _aGordon, A. D. D. | |
| 245 | 1 | 0 |
_aSecurity and security building in the Indian Ocean region / _cSandy Gordon with Desmond Ball, Paul Dibb and Amin Saikal. |
| 260 |
_aCanberra, Australia : _bStrategic and Defence Studies Centre, Research School of Pacific and Asian Studies, Australian National University, _c1996. |
||
| 300 |
_a243 p. : _bill., maps ; _c21 cm. |
||
| 440 | 0 |
_aCanberra papers on strategy and defence ; _vno. 116 |
|
| 504 | _aIncludes bibliographical references (p. [225]-238). | ||
| 650 | 0 |
_aNational security _zIndian Ocean Region. |
|
| 651 | 0 |
_aIndian Ocean Region _xPolitics and government. |
|
| 700 | 1 | _aBall, Desmond. | |
| 700 | 1 | _aDibb, Paul. | |
| 700 | 1 |
_aSaikal, Amin, _d1950- |
|
| 710 | 2 |
_aAustralian National University. _bStrategic and Defence Studies Centre. |
|
| 906 |
_a7 _bcbc _corignew _du _encip _f19 _gy-gencatlg |
||
| 942 |
_2ddc _cBK |
||
| 999 |
_c16382 _d16382 |
||